مكتبة جامعة عجلون الوطنية

فهرس بحث المكتبة

أثر استخدام ذكاء الأعمال في التخطيط الاستراتيجي : دراسة تحليلية لآراء قيادات المؤسسة العامة للتدريب التقني والمهني بمنطقة الجوف = The Impact of Business Intelligence Utilization on Strategic Planning : An Analytical Study of the Opinions of Leaders at Technical and Vocational Training Corporation in the Al-Jouf Region / (Record no. 33997)

MARC details
000 -LEADER
fixed length control field 01388nam a22002057a 4500
003 - CONTROL NUMBER IDENTIFIER
control field JO-AjAnu
005 - DATE AND TIME OF LATEST TRANSACTION
control field 20250929131808.0
008 - FIXED-LENGTH DATA ELEMENTS--GENERAL INFORMATION
fixed length control field 250928b jo ||||| |||| 00| 0 ara d
040 ## - CATALOGING SOURCE
Original cataloging agency JO-AjAnu
Language of cataloging ara
Transcribing agency JO-AjAnu
Modifying agency JO-AjAnu
Description conventions rda
041 #0 - LANGUAGE CODE
Language code of text/sound track or separate title ara
Language code of original ara
050 ## - LIBRARY OF CONGRESS CALL NUMBER
Classification number HD30.2
Item number 2025
100 #1 - MAIN ENTRY--PERSONAL NAME
Personal name المحزم، أحمد عبدالعزيز عبدالله
Relator term معد
9 (RLIN) 66672
245 #0 - TITLE STATEMENT
Title أثر استخدام ذكاء الأعمال في التخطيط الاستراتيجي : دراسة تحليلية لآراء قيادات المؤسسة العامة للتدريب التقني والمهني بمنطقة الجوف = The Impact of Business Intelligence Utilization on Strategic Planning : An Analytical Study of the Opinions of Leaders at Technical and Vocational Training Corporation in the Al-Jouf Region /
Statement of responsibility, etc. اعداد أحمد عبد العزيز عبدالله المحزم ؛ اشراف نضال فواز حسين القضاة
260 ## - PUBLICATION, DISTRIBUTION, ETC.
Place of publication, distribution, etc. 2025
300 ## - PHYSICAL DESCRIPTION
Extent 91 ورقة
504 ## - BIBLIOGRAPHY, ETC. NOTE
Bibliography, etc. note رسالة جامعية( رسالة ماجستير في ادارة الاعمال)- جامعة عجلون الوطنية(عجلون، الاردن)- كلية الاعمال، قسم ادارة الاعمال، 2025.
650 70 - SUBJECT ADDED ENTRY--TOPICAL TERM
Topical term or geographic name entry element ادارة الاعمال- ذكاء الاعمال.
9 (RLIN) 66673
700 #1 - ADDED ENTRY--PERSONAL NAME
Personal name القضاة، نضال فواز حسين
Relator term مشرف
9 (RLIN) 64939
942 ## - ADDED ENTRY ELEMENTS (KOHA)
Source of classification or shelving scheme Library of Congress Classification
Koha item type Thesis
Suppress in OPAC No
Holdings
Withdrawn status Lost status Source of classification or shelving scheme Damaged status Not for loan Home library Current library Date acquired Total Checkouts Full call number Barcode Date last seen Price effective from Koha item type
    Library of Congress Classification     مكتبة جامعة عجلون الوطنية مكتبة جامعة عجلون الوطنية 28/09/2025   HD30.2 2025 a30364 28/09/2025 28/09/2025 Thesis
    Library of Congress Classification     مكتبة جامعة عجلون الوطنية مكتبة جامعة عجلون الوطنية 28/09/2025   HD30.2 2025 a30363 28/09/2025 28/09/2025 Thesis